01338nam a2200253 a 4500001001000000005001700010008004100027041000700068044000800075084002100083100004500104245009500149260003400244300001700278500022100295500027100516500000900787650005200796650005600848650003400904650004500938700005100983740005001034BRCA_245620190320203823.0181108s1827----fr-#---###---#000-0dspa-u afr aspa a096b.C676c18271 aCervantes Saavedra, Miguel ded1547-161610aEl Ingenioso Hidalgo Don Quijote de la Manchaccompuesto por Miguel de Cervantes Saavedra. aParísbCormon y Blancc1827 a3 v.c14 cm. aContenido : v 1. Primera parte. Vida y obra de Cervantes por Quintana. Dedicatoria. Prólgo del autor. Versos preliminares. Texto. -- v 2. Texto. Segunda parte. Dedicatoria. Prólogo del autor. Texto. -- v 3. Texto aEstá arreglada conforme a las ediciones de Burdeos y de Lyon, impresas en 1804 y 1810, respectivamente. Contiene breve Vida de Cervantes, escrita por M. Quintana. La impresión aceptable de tipos pequeños. Lomeras adornadas con florones dorados Lúdovik Osterc aQM8114aNovela españolayÉpoca clásica, 1500-170014aLiteratura españolayÉpoca clásica, 1500-170014aNovela españolaySiglo XVII14aDon Quijote (Personaje ficticio)eNovela1 aQuintana, José Manueld1772-1857eBiógrafo0 aEl Ingenioso Hidalgo Don Quijote de la Mancha